000 00532nam a22001817a 4500
999 _c18106
_d18106
003 AR-CdUCM
008 190511b ||||| |||| 00| 0 spa d
040 _aMUNICIPALIDAD PROVINCIAL DEL CUSCO
_cBIBLIOTECA MUNICIPAL DEL CUSCO
082 _24ed.
_a860.9 /
_bP26
100 _aPardo Bazan, Emilio
_938499
245 _aLa sirena negra /
260 _aMadrid :
_bCalpe,
_c1977.
300 _a144 páginas ;
_c18 cm.
505 _aContenido : Narrativa
650 _aLiteratura
_983
942 _2ddc
_cLIBROS
945 _arah
_d2019/05/11